Таблетированные сорбенты на основе фторида лития; Известия Томского политехнического университета [Известия ТПУ]; Т. 309, № 6

Λεπτομέρειες βιβλιογραφικής εγγραφής
Parent link:Известия Томского политехнического университета [Известия ТПУ]/ Томский политехнический университет (ТПУ).— , 2000-
Т. 309, № 6.— 2006.— [С. 70-72]
Άλλοι συγγραφείς: Билялов Р. М., Кобзарь Н. Ю., Макасеев А. Ю., Хохлов В. А.
Περίληψη:Заглавие с титульного листа
Электронная версия печатной публикации
Приведена принципиальная схема промышленной установки и результаты исследований технологии получения таблетированных сорбентов на основе фторида лития. Представлены результаты исследования зависимостей удельной поверхности сорбента, максимальной разрушающей нагрузки на таблетку сорбента, относительной пористости и размера пор от условий приготовления: прессования, увлажнения шихты и содержания порообразователя в исходной шихте.
Γλώσσα:Ρωσικά
Έκδοση: 2006
Σειρά:Технические науки
Θέματα:
Διαθέσιμο Online:http://www.lib.tpu.ru/fulltext/v/Bulletin_TPU/2006/v309/i6/17.pdf
Μορφή: MixedMaterials Ηλεκτρονική πηγή Κεφάλαιο βιβλίου
KOHA link:https://koha.lib.tpu.ru/cgi-bin/koha/opac-detail.pl?biblionumber=171618

MARC

LEADER 00000nla2a2200000 4500
001 171618
005 20231031164033.0
035 |a (RuTPU)RU\TPU\book\186077 
035 |a RU\TPU\book\186076 
090 |a 171618 
100 |a 20091207d2006 k y0rusy50 ca 
101 0 |a rus 
102 |a RU 
135 |a drnn ---uucaa 
181 0 |a i  
182 0 |a b 
200 1 |a Таблетированные сорбенты на основе фторида лития  |b Электронный ресурс  |f Р. М. Билялов [и др.] 
203 |a Текст  |c электронный 
215 |a 1 файл (248 Кб) 
225 1 |a Технические науки 
230 |a Электронные текстовые данные (1 файл : 248 Кб) 
300 |a Заглавие с титульного листа 
300 |a Электронная версия печатной публикации 
320 |a [Библиогр.: с. 72 (8 назв.)] 
330 |a Приведена принципиальная схема промышленной установки и результаты исследований технологии получения таблетированных сорбентов на основе фторида лития. Представлены результаты исследования зависимостей удельной поверхности сорбента, максимальной разрушающей нагрузки на таблетку сорбента, относительной пористости и размера пор от условий приготовления: прессования, увлажнения шихты и содержания порообразователя в исходной шихте. 
337 |a Adobe Reader 
461 1 |0 (RuTPU)RU\TPU\book\176237  |t Известия Томского политехнического университета [Известия ТПУ]  |f Томский политехнический университет (ТПУ)  |d 2000- 
463 1 |0 (RuTPU)RU\TPU\book\186033  |t Т. 309, № 6  |v [С. 70-72]  |d 2006  |p 256 с. 
610 1 |a таблетированные сорбенты 
610 1 |a фторид лития 
610 1 |a схемы 
610 1 |a промышленные установки 
610 1 |a технологии 
610 1 |a исследования 
610 1 |a зависимости 
610 1 |a удельная поверхность 
610 1 |a нагрузки 
610 1 |a таблетки 
610 1 |a пористость 
610 1 |a поры 
610 1 |a приготовление 
610 1 |a прессование 
610 1 |a увлажнение 
610 1 |a порообразователи 
610 1 |a шихта 
610 1 |a электронный ресурс 
610 1 |a условия 
701 1 |a Билялов  |b Р. М. 
701 1 |a Кобзарь  |b Н. Ю. 
701 1 |a Макасеев  |b А. Ю. 
701 1 |a Хохлов  |b В. А. 
801 1 |a RU  |b 63413507  |c 20090623  |g PSBO 
801 2 |a RU  |b 63413507  |c 20211110  |g PSBO 
856 4 |u http://www.lib.tpu.ru/fulltext/v/Bulletin_TPU/2006/v309/i6/17.pdf 
942 |c CF